000 00717nas a2200241 4500
001 BR2016004692
003 BR-BrBNA
005 20231205130755.0
007 ta
008 230509b bl.|||p| |||| 00| 00por d
040 _aBR-BrBNA
_bpor
_cBiblioteca Nacional de Agricultura
041 _a(En)
072 _aL53
100 1 _aVerrastro, L.
245 1 _aSexual dimorphism in Lioleamus occipitalis (Iguania, Tropiduridae)
650 _aLAGARTO
650 _aESPÉCIE
650 _aBIOLOGIA ANIMAL
650 _aACASALAMENTO
773 0 _tIheringia - Série Zoologia (Brazil)
_xISSN 0073-4721
_g(Mar 2004), v. 94(1) p. 45-48
_wBR2016004692
909 _a202311
_bLúcia
_c55
_dLúcia Elande
942 _2AGRIS
_n0
_cANA
999 _c251142
_d251142